000 00387nam a2200157Ia 4500
008 210716s2008 xx 000 0 und d
020 _a9788131217191
041 _aeng
082 _a374.22 DRUP
100 _aDrucker, Peter F.
245 _aEssentIal drucker.
250 _a1
260 _aNew Delhi
_bButterworth Heinemann
_c2008
300 _aix;170
650 _aGeneral Knowledge
999 _c207581
_d207581